000
00185 a2200097 4500
020
_a
9781558853065
041
_a
spa
100
_a
Sandia Fria
245
_a
Mary Sue Galindo
942
_c
K
999
_c
26094
_d
26094